| 000 | 00624nam a2200193 i 4500 | ||
|---|---|---|---|
| 001 | 88248 | ||
| 003 | ES-MaACL | ||
| 005 | 20230906175826.0 | ||
| 007 | t| | ||
| 008 | 050103s1955 sp ||||1| spa d | ||
| 100 | 1 |
_aLaín Entralgo, Pedro, _d1908-2001 _969681 |
|
| 245 | 1 | 4 |
_aLas cuerdas de la lira _b: reflexiones sobre la diversidad de España / _cPedro Laín Entralgo. |
| 260 |
_aMadrid : _b[s.n., _c1955] |
||
| 300 |
_a45 p., 1 lám. ; _c16 cm. |
||
| 490 | 1 |
_aCuadernos de tiempo nuevo ; _v1 |
|
| 830 | 0 |
_aCuadernos de tiempo nuevo ; _v1 _9226730 |
|
| 852 |
_aES-MaACL _j1987-F-2 _bR.40594 |
||
| 999 |
_c88248 _d88248 |
||